Flujo de potencia en sistemas HVDC mediante el método de inclusión holomórfica
Gardado en:
| Autor Principal: | |
|---|---|
| Outros autores: | |
| Formato: | Libro |
| Idioma: | Spanish |
| Publicado: |
[San José], Costa Rica
2020
|
| Materias: | |
| Acceso en liña: | https://cedi.ucr.ac.cr/electrica/flujo-de-potencia-en-sistemas-hvdc-mediante-el-metodo-de-inclusion-holomorfica/ |
| Etiquetas: |
Engadir etiqueta
Sen Etiquetas, Sexa o primeiro en etiquetar este rexistro!
|
MARC
| LEADER | 00000nam a2200000Ia 4500 | ||
|---|---|---|---|
| 003 | 013292 | ||
| 005 | 20230516140352.0 | ||
| 008 | 140114s2020 cr a 000 ||spa d | ||
| 040 | |c cru CEDI | ||
| 100 | |a Vargas Chaves, José Francisco, 1984- |9 332 | ||
| 245 | |a Flujo de potencia en sistemas HVDC mediante el método de inclusión holomórfica | ||
| 260 | |a [San José], Costa Rica |c 2020 | ||
| 500 | |a Proyecto de graduación (licenciatura en ingeniería eléctrica)--Universidad de Costa Rica. Facultad de Ingeniería. Escuela de Ingeniería Eléctrica | ||
| 501 | |a Director de Proyecto de Graduación: Ing. Eddie Araya Padilla, Ph.D. | ||
| 650 | |x SISTEMAS DE ENERGIA ELECTRICA - MODELOS MATEMÁTICOS |x FUNCIONES HOLOMORFAS |x TRANSMISION DE POTENCIA |x DISTRIBUCION DE ENERGIA ELECTRICA - ALTA TENSION | ||
| 700 | |9 333 |a Araya Padilla, Eddie Alberto, 1961- |d Director del TFG | ||
| 856 | |u https://cedi.ucr.ac.cr/electrica/flujo-de-potencia-en-sistemas-hvdc-mediante-el-metodo-de-inclusion-holomorfica/ |y https://cedi.ucr.ac.cr/electrica/flujo-de-potencia-en-sistemas-hvdc-mediante-el-metodo-de-inclusion-holomorfica/ | ||
| 942 | |c CEDI |h TFG 8443 |2 ddc |6 TFG_8443_000000000000000 | ||
| 999 | |c 12902 |d 12902 | ||
